| 000 | 00640cmm a22002415a 4500 | ||
|---|---|---|---|
| 001 | 13458787 | ||
| 005 | 20180314091839.0 | ||
| 007 | co ||||||||||| | ||
| 008 | 040115s1999 ilu u eng d | ||
| 035 | _a(OCoLC)ocm44501737 | ||
| 040 |
_aGGS _cGGS _dOCLCQ _dDLC |
||
| 041 | _aeng | ||
| 042 | _alccopycat | ||
| 080 | _a78 | ||
| 100 | _a45 | ||
| 101 | _aMUS | ||
| 245 | 0 | 0 |
_aMusic appreciation course. _pDynamics and tone |
| 753 | _aWindows, Macintosh. | ||
| 906 |
_a0 _bibc _ccopycat _d2 _encip _f20 _gy-gencompf |
||
| 942 |
_2ddc _cBK |
||
| 999 |
_c45041 _d45041 |
||